[Event "Titled Tue 1st Jul Late"]
[Site "chess.com INT"]
[Date "2025.07.01"]
[Round "11"]
[White "Mafra, Kaiser Luiz"]
[Black "Akhayan, Ruben"]
[Result "0-1"]
[WhiteTitle "CM"]
[BlackTitle "FM"]
[WhiteElo "2076"]
[BlackElo "2265"]
[WhiteFideId "2106698"]
[BlackFideId "204439"]
[EventDate "2025.07.01"]

1. e4 e5 2. Nf3 Nc6 3. Bc4 Nf6 4. d3 Bc5 5. c3 O-O 6. Bb3 d5 7. Qe2 dxe4 8. dxe4
h6 9. Nbd2 a5 10. O-O a4 11. Bc2 b6 12. Rd1 Ba6 13. Qe1 Ng4 14. Nf1 Qf6 15. Ne3
Nxe3 16. Bxe3 Bxe3 17. Qxe3 Ne7 18. Bxa4 Ng6 19. g3 Nf4 20. gxf4 exf4 21. Qd4
Qg6+ 22. Kh1 Be2 23. Ne5 Qh5 24. Rg1 Rxa4 25. Qxa4 Qxe5 26. Qd4 Bf3+ 27. Rg2 Re8
28. Re1 c5 29. Qxe5 Rxe5 30. Kg1 Bxg2 31. Kxg2 g5 32. Kf3 c4 33. Rd1 Ra5 34. a3
Rb5 35. Rd2 Kg7 36. Ke2 Kf6 37. f3 Ke5 38. Kd1 h5 39. h3 f5 40. Rg2 g4 41. hxg4
hxg4 42. exf5 gxf3 43. Rf2 Kxf5 44. Rxf3 Rxb2 45. Rh3 Kg4 46. Rh7 Kf3 47. Rh3+
Ke4 48. Kc1 Ra2 49. Rh6 f3 50. Rxb6 f2 51. Re6+ Kd3 0-1

[Event "Titled Tue 1st Jul Late"]
[Site "chess.com INT"]
[Date "2025.07.01"]
[Round "11"]
[White "Bazan Romero, Octavio Aaron"]
[Black "Guha, Eshan"]
[Result "1-0"]
[WhiteTitle "FM"]
[WhiteElo "2289"]
[BlackElo "2071"]
[WhiteFideId "20003943"]
[BlackFideId "30958628"]
[EventDate "2025.07.01"]

1. e4 c5 2. Nf3 d6 3. d4 cxd4 4. Nxd4 Nf6 5. Nc3 a6 6. Bg5 Nbd7 7. f4 Qc7 8. Be2
e5 9. Nf5 h6 10. Bxf6 Nxf6 11. O-O g6 12. Ne3 Qb6 13. Qd3 Bg7 14. Kh1 exf4 15.
Rxf4 Be6 16. Raf1 Nd7 17. Ned5 Qd8 18. Bg4 O-O 19. Bxe6 fxe6 20. Rxf8+ Nxf8 21.
Nf4 Rc8 22. e5 dxe5 23. Nxg6 Qxd3 24. Ne7+ Kh7 25. cxd3 Rd8 26. Ne4 Rxd3 27. h3
Rd4 28. Nc5 b6 29. Nxa6 Rd7 30. Nc6 Rd2 31. b4 Rxa2 32. b5 Rb2 33. Nc7 e4 34.
Ne8 Kg6 35. Ne7+ Kh7 36. Rf7 Rb1+ 37. Kh2 Rxb5 38. Rxg7+ Kh8 39. Rg8+ Kh7 40.
Nf6# 1-0

[Event "Titled Tue 1st Jul Late"]
[Site "chess.com INT"]
[Date "2025.07.01"]
[Round "11"]
[White "Shymanskyi, Oleksandr"]
[Black "Fernandes, Rogerio Paulo Muller"]
[Result "1-0"]
[WhiteTitle "FM"]
[WhiteElo "2218"]
[BlackElo "2241"]
[WhiteFideId "14168880"]
[BlackFideId "2101599"]
[EventDate "2025.07.01"]

1. b3 Nf6 2. Bb2 e6 3. e3 d5 4. f4 Be7 5. Nf3 c5 6. Bd3 Nc6 7. O-O Nb4 8. Bb5+
Bd7 9. Bxd7+ Qxd7 10. Ne5 Qc7 11. a3 Nc6 12. d3 O-O 13. Nd2 Nd7 14. Nxc6 Qxc6
15. e4 f5 16. Qe2 Rae8 17. Rae1 Bf6 18. Bxf6 Nxf6 19. Qf3 b5 20. e5 Nd7 21. g4
g6 22. Kh1 Rf7 23. g5 Rc8 24. c4 bxc4 25. dxc4 d4 26. Kg2 Qxf3+ 27. Kxf3 Nb8 28.
h4 Rb7 29. h5 Nc6 30. Ke2 Rcb8 31. Rb1 Na5 32. Rf3 Kg7 33. Kd1 gxh5 34. Kc2 h6
35. Rg1 Kh7 36. Rh3 Rg7 37. Rxh5 Rg6 38. Rgh1 Kg7 39. Rxh6 Rxh6 40. Rxh6 Rb6 41.
Rf6 Nb7 42. b4 cxb4 43. axb4 Rxb4 44. Rxe6 Nc5 45. Re7+ Kf8 46. Rxa7 Ne4 47. Kd3
Nxd2 48. Kxd2 Rxc4 49. Kd3 Rc3+ 50. Kxd4 Rf3 51. Kd5 Rxf4 52. Ke6 Rf1 53. Kf6
Ke8 54. e6 Kd8 55. e7+ Ke8 56. Ra8+ Kd7 57. e8=Q+ Kc7 58. Qd8+ Kc6 59. Rc8+ 1-0

[Event "Titled Tue 1st Jul Late"]
[Site "chess.com INT"]
[Date "2025.07.01"]
[Round "11"]
[White "Sabuk, Piotr"]
[Black "Dubnevych, Maksym"]
[Result "0-1"]
[WhiteTitle "IM"]
[BlackTitle "FM"]
[WhiteElo "2321"]
[BlackElo "2296"]
[WhiteFideId "1137565"]
[BlackFideId "14184001"]
[EventDate "2025.07.01"]

1. d4 Nf6 2. c4 e6 3. Nf3 d5 4. g3 dxc4 5. Bg2 Nbd7 6. Qa4 c5 7. Qxc4 cxd4 8.
O-O Bc5 9. b4 Bb6 10. a4 a6 11. Bf4 O-O 12. Rd1 Nd5 13. Bd6 Re8 14. Nxd4 Qf6 15.
e4 e5 16. Nf5 g6 17. Nh6+ Kg7 18. Qxd5 Kxh6 19. Qd2+ Kg7 20. Nc3 Bd4 21. Bc7 Qc6
22. Nd5 Bxa1 23. Rxa1 Nf6 24. Rc1 Qe6 25. Nb6 Bd7 26. Nxa8 Rxa8 27. a5 Bc6 28.
f3 Rc8 29. Bb6 Qb3 30. Qc3 Qe6 31. Qc4 Bd7 32. Bc5 Qe8 33. Qf1 Bb5 34. Qe1 Rd8
35. Bf1 Bc6 36. Bc4 Nd7 37. Be3 Nf8 38. Rd1 Rc8 39. Bb3 Ne6 40. Qc3 f6 41. Bxe6
Qxe6 42. Qd3 g5 43. Qd6 Qf7 44. Bc5 Re8 45. Kf2 Kg6 46. Qd3 Bb5 47. Qe3 Qc4 48.
Rd2 Qf1# 0-1

[Event "Titled Tue 1st Jul Late"]
[Site "chess.com INT"]
[Date "2025.07.01"]
[Round "11"]
[White "Lezcano, Gustavo"]
[Black "Bucci, Andrea"]
[Result "0-1"]
[WhiteElo "2007"]
[BlackElo "1526"]
[WhiteFideId "103306"]
[BlackFideId "28546890"]
[EventDate "2025.07.01"]

1. Nf3 d6 2. g3 Nf6 3. Bg2 g6 4. O-O Bg7 5. c4 O-O 6. Nc3 Nbd7 7. Rb1 e5 8. d3
c6 9. b4 Ne8 10. b5 Qc7 11. bxc6 bxc6 12. Ne1 f5 13. Bd2 Nb6 14. Nc2 Be6 15. f4
d5 16. c5 Nd7 17. fxe5 Nxc5 18. d4 Nd7 19. Nb4 Nb6 20. Nd3 Nc4 21. Nc5 Qe7 22.
Bg5 Qf7 23. N3a4 h6 24. Nxe6 Qxe6 25. Nc5 Qf7 26. e6 Qc7 27. Bf4 Ned6 28. Rb7
Qa5 29. Rxg7+ Kxg7 30. Nd7 Rfe8 31. Nc5 Re7 32. a4 Rae8 33. Be5+ Kg8 34. Bxd6
Nxd6 35. Qc1 Nc4 36. Qxh6 Rxe6 37. Nxe6 Rxe6 38. h4 Qb6 39. e3 Nxe3 40. h5 Qxd4
41. Kh1 Ng4 42. Qg5 Nf2+ 43. Kh2 Ng4+ 44. Kh1 Qe3 45. hxg6 Qxg5 0-1

[Event "Titled Tue 1st Jul Late"]
[Site "chess.com INT"]
[Date "2025.07.01"]
[Round "11"]
[White "Nifdaliyev, Jahangir"]
[Black "Amdouni, Zoubaier"]
[Result "1-0"]
[WhiteTitle "FM"]
[BlackTitle "FM"]
[WhiteElo "2312"]
[BlackElo "2186"]
[WhiteFideId "13407740"]
[BlackFideId "5500419"]
[EventDate "2025.07.01"]

1. Nf3 d5 2. d4 Nf6 3. g3 c6 4. Bg2 Bf5 5. O-O e6 6. c4 Nbd7 7. Qb3 Qb6 8. c5
Qxb3 9. axb3 e5 10. b4 Bxb1 11. dxe5 Be4 12. exf6 Nxf6 13. Bf4 a6 14. Nd4 Bxg2
15. Kxg2 Be7 16. Ra3 g6 17. Be5 O-O 18. f4 Ne4 19. Rd3 f6 20. Bc7 Rac8 21. Bb6
f5 22. g4 fxg4 23. f5 Bf6 24. fxg6 Bxd4 25. gxh7+ Kxh7 26. Rxd4 Rxf1 27. Kxf1
Rf8+ 28. Kg1 Rf2 29. Rxe4 Rf7 30. Re8 Kg6 31. Kg2 Kf5 32. Bd8 Kf4 33. Be7 Ke3
34. Bd6+ Kd2 35. e4 d4 36. Kg3 d3 37. Kxg4 Ke2 38. Bf4 Rg7+ 39. Kf5 Rf7+ 40. Ke5
d2 41. Rd8 Rxf4 42. Kxf4 1-0

[Event "Titled Tue 1st Jul Late"]
[Site "chess.com INT"]
[Date "2025.07.01"]
[Round "11"]
[White "Erdogmus, Yagiz Kaan"]
[Black "Moussard, Jules"]
[Result "1-0"]
[WhiteTitle "GM"]
[BlackTitle "GM"]
[WhiteElo "2626"]
[BlackElo "2597"]
[WhiteFideId "44599790"]
[BlackFideId "642908"]
[EventDate "2025.07.01"]

1. e4 c5 2. b3 d6 3. Bb2 Nf6 4. Bb5+ Nc6 5. d3 a6 6. Bxc6+ bxc6 7. f4 g6 8. Nf3
Bg7 9. O-O O-O 10. Nbd2 Rb8 11. Qe2 a5 12. a4 Ba6 13. Rae1 Qc7 14. Ba1 Qa7 15.
Kh1 Rfe8 16. Qf2 d5 17. e5 Ng4 18. Qh4 Nh6 19. Ng5 c4 20. dxc4 dxc4 21. bxc4
Red8 22. Bc3 Qc5 23. Nge4 Qa7 24. g4 c5 25. f5 Qb7 26. Kg1 Qc6 27. f6 exf6 28.
Nxf6+ Kh8 29. g5 Rxd2 30. Bxd2 Bb7 31. Qe4 Qc8 32. gxh6 Bxf6 33. Qf4 Be7 34. Bc3
Bf6 35. Qxf6+ 1-0

[Event "Titled Tue 1st Jul Late"]
[Site "chess.com INT"]
[Date "2025.07.01"]
[Round "11"]
[White "Leinov, Roman"]
[Black "Dobrosmyslov, Artem"]
[Result "0-1"]
[WhiteTitle "CM"]
[BlackTitle "FM"]
[WhiteElo "2120"]
[BlackElo "2260"]
[WhiteFideId "13504649"]
[BlackFideId "24139521"]
[EventDate "2025.07.01"]

1. Nf3 Nc6 2. g3 e5 3. e4 Nf6 4. Bg2 Bc5 5. O-O d6 6. c3 Nxe4 7. d4 Bb6 8. Re1
f5 9. Be3 O-O 10. dxe5 Bxe3 11. Rxe3 dxe5 12. Qe1 Re8 13. Na3 Qf6 14. Rd1 Nd6
15. Bf1 e4 16. Nd4 Ne5 17. f4 exf3 18. Nc4 f2+ 19. Qxf2 Ne4 20. Qc2 Ng4 21. Rf3
c5 22. Nb5 Qc6 23. a4 a6 24. Nba3 b5 25. axb5 axb5 26. Qb3 bxc4 27. Bxc4+ Kh8
28. Bd5 Rxa3 29. bxa3 Qh6 30. Qc2 Ba6 31. Rxf5 Ne3 0-1

[Event "Titled Tue 1st Jul Late"]
[Site "chess.com INT"]
[Date "2025.07.01"]
[Round "11"]
[White "Simonovic, Miroslav"]
[Black "Ivashentseva, Dominika"]
[Result "0-1"]
[WhiteTitle "CM"]
[BlackTitle "WCM"]
[WhiteElo "2092"]
[BlackElo "1969"]
[WhiteFideId "919152"]
[BlackFideId "34331050"]
[EventDate "2025.07.01"]

1. d4 d5 2. Bg5 Nf6 3. Bxf6 gxf6 4. e3 e5 5. c4 dxc4 6. d5 Bb4+ 7. Nc3 Bxc3+ 8.
bxc3 b5 9. a4 Bb7 10. e4 c6 11. d6 Nd7 12. Qb1 Nc5 13. axb5 Nb3 14. bxc6 Bxc6
15. Ra6 Bb5 16. Ra2 Qxd6 17. Nf3 a6 18. Nd2 Nxd2 19. Rxd2 Qc6 20. Be2 Ke7 21.
O-O Rhd8 22. Rfd1 Rxd2 23. Rxd2 Rd8 24. Qb4+ Rd6 25. Rb2 Qxe4 26. g3 Bc6 27. f3
Qe3+ 28. Kf1 Bxf3 29. Qxc4 Bxe2+ 30. Qxe2 Qxe2+ 31. Kxe2 f5 32. Rb7+ Kf6 33. Ra7
e4 34. c4 Rc6 35. c5 Rxc5 36. Rxa6+ Kg5 37. h4+ Kh5 38. Rf6 Kg4 39. Rxf7 Kxg3
40. Rxh7 f4 41. h5 Rc2+ 42. Ke1 e3 43. h6 Kf3 44. Kd1 Rd2+ 45. Kc1 Rd6 46. Rh8
e2 47. Re8 Rxh6 48. Kd2 Rd6+ 49. Kc3 Rd1 50. Re5 e1=Q+ 51. Rxe1 Rxe1 52. Kd3 Kf2 0-1

[Event "Titled Tue 1st Jul Late"]
[Site "chess.com INT"]
[Date "2025.07.01"]
[Round "11"]
[White "Shankland, Sam"]
[Black "Amar, Elham"]
[Result "1-0"]
[WhiteTitle "GM"]
[BlackTitle "GM"]
[WhiteElo "2666"]
[BlackElo "2589"]
[WhiteFideId "2004887"]
[BlackFideId "1533533"]
[EventDate "2025.07.01"]

1. d4 Nf6 2. c4 e6 3. Nc3 d5 4. Bg5 Be7 5. e3 O-O 6. Qc2 h6 7. Bh4 c6 8. Nf3
Nbd7 9. Bd3 dxc4 10. Bxc4 b5 11. Bd3 Bb7 12. O-O Rc8 13. Rfd1 b4 14. Bxf6 Nxf6
15. Ne4 Nxe4 16. Bxe4 Qc7 17. Rac1 Rfd8 18. h4 c5 19. dxc5 Rxd1+ 20. Rxd1 Bxe4
21. Qxe4 Qxc5 22. g3 Bf6 23. b3 Qc2 24. Qxc2 Rxc2 25. Rd2 Rc1+ 26. Kg2 a5 27. g4
g5 28. hxg5 hxg5 29. Rd7 Rc2 30. Rd2 Rc1 31. Rd7 Ra1 32. Rd2 Kg7 33. Rc2 Kg6 34.
Nd2 Rd1 35. Nc4 Rd5 36. Rd2 Rxd2 37. Nxd2 Bd8 38. Nc4 f5 39. f3 Kf6 40. Kf2 Ke7
41. Ke2 Kd7 42. Kd3 Kc6 43. e4 fxg4 44. fxg4 Kc5 45. Ke3 a4 46. Nb2 axb3 47.
axb3 Be7 48. Nd3+ Kb5 49. Kd4 Bd6 50. e5 Bc7 51. Ne1 Bb6+ 52. Ke4 Bd8 53. Nf3
Kc6 54. Nd4+ Kd7 55. Kd3 Bc7 56. Nf3 Bd8 57. Kc4 Be7 58. Kb5 Ke8 59. Nd4 Kd7 60.
Nc6 Bf8 61. Nxb4 Bg7 62. Nd3 Kc7 63. Kc5 Bf8+ 64. Kc4 Kb6 65. b4 Be7 66. Nc5
Bxc5 67. bxc5+ Kc6 68. Kb4 Kd5 69. Kb5 Kxe5 70. c6 Kf4 71. c7 e5 72. c8=Q 1-0

[Event "Titled Tue 1st Jul Late"]
[Site "chess.com INT"]
[Date "2025.07.01"]
[Round "11"]
[White "Rogov, Matfey"]
[Black "Soza de la Carrera, Jose"]
[Result "1-0"]
[WhiteTitle "FM"]
[BlackTitle "CM"]
[WhiteElo "2348"]
[BlackElo "2221"]
[WhiteFideId "44191308"]
[BlackFideId "3401278"]
[EventDate "2025.07.01"]

1. h4 d5 2. c4 e6 3. Nf3 Nf6 4. d4 Be7 5. Nc3 O-O 6. Qc2 b6 7. cxd5 exd5 8. Bg5
c5 9. e3 Nc6 10. Bb5 Nb4 11. Qe2 c4 12. Ne5 Bf5 13. O-O a6 14. Ba4 b5 15. Bd1
Qb6 16. a3 Nd3 17. Bxf6 gxf6 18. Nxd5 Qe6 19. Nc7 Qd6 20. Nxd3 Bxd3 21. Qg4+ Kh8
22. Nxa8 Rxa8 23. Be2 Rg8 24. Qf3 Bxe2 25. Qxe2 Qd5 26. f4 f5 27. Qf3 Qe6 28. d5
Qf6 29. Qh3 Rg4 30. g3 Qxb2 31. Kh1 Qc3 32. Rae1 Bxa3 33. Re2 Bc5 34. Kh2 b4 35.
e4 Qd3 36. Rfe1 c3 37. exf5 Kg7 38. Qxg4+ Kf6 39. Qg5# 1-0

[Event "Titled Tue 1st Jul Late"]
[Site "chess.com INT"]
[Date "2025.07.01"]
[Round "11"]
[White "Paxtor Chiguichon, Rodolfo Enrique"]
[Black "Siekanska, Zuzanna"]
[Result "0-1"]
[WhiteTitle "CM"]
[BlackTitle "WCM"]
[WhiteElo "2009"]
[BlackElo "1864"]
[WhiteFideId "7307012"]
[BlackFideId "21852537"]
[EventDate "2025.07.01"]

1. e4 e5 2. Nf3 Nc6 3. Bb5 a6 4. Ba4 Nf6 5. O-O b5 6. Bb3 Be7 7. Qe2 O-O 8. c3
d6 9. d3 Na5 10. Bc2 Re8 11. Rd1 h6 12. h3 Bf8 13. Nbd2 d5 14. Nf1 c5 15. Ng3 d4
16. Nh2 c4 17. Qf3 dxc3 18. bxc3 cxd3 19. Rxd3 Qc7 20. Ng4 Nxg4 21. hxg4 Bb7 22.
g5 hxg5 23. Bxg5 Be7 24. Be3 Rad8 25. Rad1 Rxd3 26. Rxd3 Nc4 27. Bc1 Rd8 28. Nf5
Bf6 29. Qg3 Bxe4 30. Rxd8+ Qxd8 31. Bxe4 Qd1+ 32. Kh2 Qxc1 33. Bd5 Qf4 34. Qxf4
exf4 35. g3 fxg3+ 36. Kxg3 Nb6 37. Bb7 a5 38. Nd6 Be5+ 39. Kg4 Bxd6 0-1

[Event "Titled Tue 1st Jul Late"]
[Site "chess.com INT"]
[Date "2025.07.01"]
[Round "11"]
[White "Pereyra, Horacio"]
[Black "Mizzi, Jack"]
[Result "0-1"]
[BlackTitle "CM"]
[WhiteElo "2133"]
[BlackElo "2107"]
[WhiteFideId "113700"]
[BlackFideId "5602521"]
[EventDate "2025.07.01"]

1. d4 Nf6 2. Nc3 d5 3. Bg5 Nbd7 4. f3 c6 5. e4 Qb6 6. Rb1 dxe4 7. fxe4 e5 8. Nf3
exd4 9. Nxd4 Bc5 10. Be3 Ne5 11. Be2 Nfg4 12. Bg1 O-O 13. Na4 Qa5+ 14. c3 Be7
15. b4 Qc7 16. h3 Nf6 17. Bf3 a5 18. Bh2 axb4 19. cxb4 Rd8 20. O-O Bd6 21. Qe2
Rxa4 22. Qc2 Ra8 23. Be2 Ng6 24. Bxd6 Qxd6 25. Nf5 Bxf5 26. exf5 Qd4+ 27. Kh1
Ne5 28. b5 Qe4 29. Qb2 cxb5 30. Bxb5 Nd3 31. Qd2 Nc5 32. Qc3 b6 33. Rbd1 Rxd1
34. Rxd1 Qxf5 35. Re1 h6 36. Bc4 Rf8 37. Rf1 Qg5 38. Qf3 Nfe4 39. Bb3 Nd2 40. a3
Nxf3 41. Bxf7+ Rxf7 42. Rxf3 Rxf3 43. gxf3 Nd3 44. h4 Qg3 45. h5 Nf2# 0-1

[Event "Titled Tue 1st Jul Late"]
[Site "chess.com INT"]
[Date "2025.07.01"]
[Round "11"]
[White "Sobek, Jaroslav"]
[Black "Karas, Eugenia"]
[Result "0-1"]
[WhiteTitle "FM"]
[BlackTitle "WFM"]
[WhiteElo "2195"]
[BlackElo "2124"]
[WhiteFideId "301388"]
[BlackFideId "463485"]
[EventDate "2025.07.01"]

1. d4 Nf6 2. c4 b6 3. Nc3 Bb7 4. Nf3 e6 5. a3 Be7 6. e4 Nxe4 7. Bd3 Nxc3 8. bxc3
d5 9. O-O Nd7 10. cxd5 Bxd5 11. c4 Bb7 12. Re1 Nf6 13. Bb2 O-O 14. Qc2 Bxf3 15.
gxf3 h6 16. Rad1 Qd7 17. Kh1 Rad8 18. Rg1 Kh8 19. Rg2 Qc6 20. Be4 Nxe4 21. fxe4
Rg8 22. Rdg1 Bf6 23. e5 Be7 24. Qe2 Qb7 25. f3 c5 26. d5 exd5 27. e6 f6 28. Bc1
dxc4 29. Rg6 Rd3 30. R1g3 Qd5 31. Bxh6 Qh5 32. Bxg7+ Rxg7 33. Rxg7 Bd6 34. Rg8+
Kh7 35. Qe4+ f5 36. R3g7+ Kh6 37. Rg6+ Kh7 38. R8g7+ Kh8 39. Qe2 Rd1+ 0-1

[Event "Titled Tue 1st Jul Late"]
[Site "chess.com INT"]
[Date "2025.07.01"]
[Round "11"]
[White "Arslanov, Shamil"]
[Black "Hadzovic, Amir"]
[Result "1-0"]
[WhiteTitle "IM"]
[BlackTitle "FM"]
[WhiteElo "2410"]
[BlackElo "2354"]
[WhiteFideId "4192826"]
[BlackFideId "14402300"]
[EventDate "2025.07.01"]

1. d4 d6 2. e4 Nc6 3. Nc3 g6 4. Be3 Bg7 5. Qd2 e5 6. Nge2 Nf6 7. f3 O-O 8. d5
Ne7 9. O-O-O c6 10. dxc6 Nxc6 11. Qxd6 Qa5 12. Qc5 Be6 13. Qxa5 Nxa5 14. b3 Rfc8
15. Kb2 Bf8 16. Bg5 Kg7 17. g4 Nc6 18. a3 h6 19. Be3 a6 20. Nd5 Bxd5 21. exd5
Ne7 22. c4 b5 23. d6 Nc6 24. c5 b4 25. a4 Nd7 26. Bg2 Rab8 27. f4 exf4 28. Nxf4
Kg8 29. h3 Bg7+ 30. Ka2 Re8 31. Rhe1 Nce5 32. Bd4 Rbc8 33. Nd5 Kf8 34. Ne7 Rcd8
35. c6 Nb6 36. Bxb6 Rxd6 37. Rxd6 Nd3 38. Rxd3 Rxe7 39. Rd8+ Re8 40. Rdxe8# 1-0

[Event "Titled Tue 1st Jul Late"]
[Site "chess.com INT"]
[Date "2025.07.01"]
[Round "11"]
[White "Deac, Bogdan-Daniel"]
[Black "Gelman, Alexander"]
[Result "1-0"]
[WhiteTitle "GM"]
[BlackTitle "IM"]
[WhiteElo "2674"]
[BlackElo "2403"]
[WhiteFideId "1226380"]
[BlackFideId "4118316"]
[EventDate "2025.07.01"]

1. d4 Nf6 2. c4 c5 3. e3 d6 4. dxc5 Qa5+ 5. Nc3 Qxc5 6. e4 e6 7. Be3 Qc7 8. Rc1
a6 9. Nf3 Be7 10. Nd4 Nbd7 11. g4 h6 12. h3 b6 13. Bg2 Bb7 14. O-O g5 15. Re1
Ne5 16. b3 Rc8 17. Qd2 Nfd7 18. Nd5 exd5 19. exd5 Rg8 20. Nf5 Rg6 21. Bd4 Kf8
22. b4 Qd8 23. c5 bxc5 24. bxc5 Rxc5 25. Rxc5 Nxc5 26. Bxc5 dxc5 27. Rxe5 Bd6
28. Re1 Bc8 29. Nxd6 Qxd6 30. Qc3 Rf6 31. Rc1 Bd7 32. Qb2 Kg8 33. Rxc5 Qf4 34.
Rc3 Qd6 35. Re3 Bb5 36. a3 Qf4 37. Qd2 Rd6 38. Qb2 Qc4 39. Re5 Qf4 40. Re3 1-0

[Event "Titled Tue 1st Jul Late"]
[Site "chess.com INT"]
[Date "2025.07.01"]
[Round "11"]
[White "Romany, Joy"]
[Black "Vazelakis, Dimitrios"]
[Result "0-1"]
[WhiteTitle "WIM"]
[WhiteElo "1960"]
[BlackElo "1857"]
[WhiteFideId "10656820"]
[BlackFideId "4203674"]
[EventDate "2025.07.01"]

1. d4 e6 2. c4 f5 3. Nf3 Nf6 4. g3 Be7 5. Bg2 O-O 6. O-O d6 7. Nc3 Ne4 8. d5
Nxc3 9. bxc3 e5 10. e4 fxe4 11. Nd2 Bf5 12. Nxe4 Qd7 13. Be3 Na6 14. Rb1 b6 15.
Qh5 Bg6 16. Qe2 Rae8 17. Rbd1 Nb8 18. Ng5 Bxg5 19. Bxg5 Qf5 20. Be3 Nd7 21. f4
Qc2 22. Qxc2 Bxc2 23. Rd2 exf4 24. Bxf4 Bf5 25. Rdf2 Bd3 26. Rd1 Bxc4 27. Bh3
Nc5 28. Rd4 Re1+ 29. Kg2 Ba6 30. c4 Rfe8 31. Bg5 R1e2 32. Rf4 Rxf2+ 33. Rxf2
Bxc4 34. Rc2 Bxd5+ 35. Kf2 Ne4+ 36. Kf1 Nxg5 37. Rxc7 Nxh3 38. Rxa7 Bc4+ 39. Kg2
Ng5 40. Rb7 b5 41. Rb6 d5 42. Rd6 Ne4 43. Rb6 Rf8 44. Rb7 d4 45. Re7 Nc3 46. Rd7
d3 47. g4 Nd5 48. Rd6 d2 0-1

[Event "Titled Tue 1st Jul Late"]
[Site "chess.com INT"]
[Date "2025.07.01"]
[Round "11"]
[White "Hansen, Eric"]
[Black "Vlassov, Nikolai"]
[Result "1-0"]
[WhiteTitle "GM"]
[BlackTitle "IM"]
[WhiteElo "2609"]
[BlackElo "2291"]
[WhiteFideId "2606771"]
[BlackFideId "4103360"]
[EventDate "2025.07.01"]

1. e4 Nc6 2. Nf3 d5 3. exd5 Qxd5 4. Nc3 Qa5 5. Bb5 Bd7 6. O-O a6 7. Bxc6 Bxc6 8.
Re1 O-O-O 9. Ne5 Be8 10. b4 Qb6 11. Rb1 f6 12. Nc4 Qc6 13. Na5 Qxc3 14. dxc3
Rxd1 15. Rxd1 e5 16. Be3 Ne7 17. c4 Nc6 18. Nxc6 Bxc6 19. b5 axb5 20. cxb5 Be4
21. Rd2 Be7 22. a4 b6 23. f3 Bf5 24. Rb3 Rd8 25. Rxd8+ Kxd8 26. c4 Bc2 27. Rb2
Bxa4 28. Kf2 Kd7 29. Ke2 Ke6 30. Kd3 f5 31. Ra2 Bb3 32. Ra7 Bd6 33. Kc3 Bd1 34.
Ra1 Be2 35. Re1 f4 36. Bd2 Bxf3 37. gxf3 Kf5 38. Kb3 Bc5 39. Re4 g5 40. Bc3 Bd6
41. h3 h5 42. Re1 g4 43. hxg4+ hxg4 44. fxg4+ Kxg4 45. Bxe5 Bxe5 46. Rxe5 f3 47.
Re7 f2 48. Rf7 Kg3 49. Kc3 Kg2 50. Kd4 f1=Q 51. Rxf1 Kxf1 52. Kd5 Ke2 53. Kc6
Kd3 54. Kxc7 Kxc4 55. Kxb6 1-0

[Event "Titled Tue 1st Jul Late"]
[Site "chess.com INT"]
[Date "2025.07.01"]
[Round "11"]
[White "Gabrielian, Artur"]
[Black "Bluebaum, Matthias"]
[Result "1-0"]
[WhiteTitle "GM"]
[BlackTitle "GM"]
[WhiteElo "2419"]
[BlackElo "2663"]
[WhiteFideId "4131002"]
[BlackFideId "24651516"]
[EventDate "2025.07.01"]

1. Nf3 d5 2. g3 e6 3. Bg2 Nf6 4. O-O Bd6 5. d3 O-O 6. Nc3 e5 7. e4 dxe4 8. dxe4
h6 9. h3 Na6 10. Be3 Qe7 11. Qe2 c6 12. Nh4 Nc5 13. Nf5 Bxf5 14. exf5 Rfe8 15.
Rad1 e4 16. Rd2 Be5 17. Qc4 Ncd7 18. Rfd1 Nb6 19. Qb3 Nbd5 20. Nxd5 cxd5 21. c4
dxc4 22. Qxc4 Rac8 23. Qb3 b6 24. Bf1 Red8 25. Bc4 Rxd2 26. Rxd2 Qc7 27. Ba6 Rd8
28. Rxd8+ Qxd8 29. Bc4 Qd7 30. a4 Kf8 31. g4 Bd6 32. Kg2 Bc5 33. Bxc5+ bxc5 34.
Qb8+ Ke7 35. Qe5+ Kf8 36. Qxc5+ Kg8 37. b4 Kh7 38. b5 Ne8 39. Qd5 Nd6 40. a5 Qc7
41. Bb3 e3 42. fxe3 Qe7 43. Kf3 Nb7 44. Qxf7 Qxf7 45. Bxf7 Nxa5 46. Bd5 g5 47.
e4 Kg7 48. e5 Kf8 49. f6 Ke8 50. e6 Kd8 51. Ke4 Kc7 52. Ke5 Kb6 53. e7 Kc5 54.
e8=Q Kb4 55. f7 Kc3 56. f8=Q Kc2 57. Qf2+ Kc1 58. Kf6 1-0

[Event "Titled Tue 1st Jul Late"]
[Site "chess.com INT"]
[Date "2025.07.01"]
[Round "11"]
[White "Becking, Stephan"]
[Black "Mulawa, Cyprian"]
[Result "1-0"]
[WhiteTitle "IM"]
[BlackTitle "FM"]
[WhiteElo "2410"]
[BlackElo "2324"]
[WhiteFideId "4632478"]
[BlackFideId "21001855"]
[EventDate "2025.07.01"]

1. d4 Nf6 2. c3 c5 3. Nf3 d5 4. e3 Nc6 5. a3 c4 6. Nbd2 Bf5 7. Nh4 Bg6 8. Be2 e6
9. O-O b5 10. f4 Be4 11. Qe1 Be7 12. Nhf3 a5 13. Nxe4 Nxe4 14. Nd2 Nxd2 15. Bxd2
f5 16. Bf3 Kd7 17. g4 g6 18. Qe2 Qb6 19. Be1 b4 20. axb4 axb4 21. Bf2 Qb5 22.
Rfd1 b3 23. Qe1 Ra2 24. Rab1 Rha8 25. Bh4 Bf8 26. Bf6 Qb7 27. Qh4 Kc8 28. gxf5
gxf5 29. Kh1 Qf7 30. Bh5 Qd7 31. Rg1 Kc7 32. Bf3 Kb6 33. h3 R2a7 34. Rg2 Ra1 35.
Rxa1 Rxa1+ 36. Kh2 Ra2 37. Qg3 Be7 38. Bxe7 Qxe7 39. Qg8 h6 40. Bh5 Qh4 41. Be8
Nd8 42. Bd7 Qe7 43. Bc8 Ra8 44. Bxe6 Qxe6 45. Rg6 Qc6 46. Rxc6+ Kxc6 47. Qg6+
Kb5 48. Qxf5 Ra2 49. Qxd5+ Kb6 50. Qxd8+ 1-0

[Event "Titled Tue 1st Jul Late"]
[Site "chess.com INT"]
[Date "2025.07.01"]
[Round "11"]
[White "Chekletsov, Ilya"]
[Black "Mata Gonzalez, Jose Fernando"]
[Result "0-1"]
[WhiteTitle "IM"]
[BlackTitle "CM"]
[WhiteElo "2338"]
[BlackElo "2164"]
[WhiteFideId "24177156"]
[BlackFideId "5107423"]
[EventDate "2025.07.01"]

1. d4 d5 2. c4 e6 3. g3 Nf6 4. Bg2 Be7 5. Nf3 O-O 6. O-O dxc4 7. Qc2 a6 8. Qxc4
b5 9. Qc2 Bb7 10. Bd2 Ra7 11. a3 Nbd7 12. Ba5 Be4 13. Qc1 Qb8 14. b4 c6 15. Nc3
Bd5 16. Re1 Nb6 17. e4 Bc4 18. Ne5 Rc8 19. Bxb6 Qxb6 20. Nxc4 bxc4 21. Qe3 Rd7
22. Red1 Rcd8 23. Na4 Qb5 24. Nc5 Bxc5 25. bxc5 e5 26. d5 h5 27. d6 Ng4 28. Qg5
Qxc5 29. Rf1 c3 30. h3 Nf6 31. Rac1 Rxd6 32. g4 hxg4 33. hxg4 c2 34. Qh4 Rd1 35.
g5 Rxf1+ 36. Bxf1 Rd1 37. gxf6 Rxc1 38. Qg5 Rxf1+ 39. Kg2 Qxf2+ 40. Kh3 Rh1+ 41.
Kg4 Rg1+ 0-1